000 00681nas a2200265 4500
001 BR8802796
003 BR-BrBNA
005 20231205091135.0
007 ta
008 230509b bl.|||p| |||| 00| 00por d
040 _aBR-BrBNA
_bpor
_cBiblioteca Nacional de Agricultura
041 _a(Pt)
072 _aQ02
100 1 _aAnon.
245 1 _aCacau
650 _aCHOCOLATE
650 _aCACAU
650 _aCOMERCIALIZACAO
650 _aPRATICA CULTURAL
650 _aNUTRIENTE
650 _aCULINARIA
773 0 _tGlobo Rural (Brazil)
_xISSN 0102-6178
_g(Sep 1987), v. 2(24) p. 46-53
_wBR8802796
909 _a202311
_bLúcia
_c55
_dLúcia Elande
942 _2AGRIS
_n0
_cANA
999 _c123077
_d123077